| 000 | 00761nam a2200229Ii 4500 | ||
|---|---|---|---|
| 003 | JO-AjNU | ||
| 008 | 230605s9999||||xx |||||||||||||| ||und|| | ||
| 017 | _a2010/6/2129 | ||
| 020 | _a9957-16-643-4 | ||
| 040 |
_aJO-AjNU _bara _erda _cJO-AjNU |
||
| 041 | _aara | ||
| 050 | 1 | 4 | _aK1056.T2.2011 |
| 100 | 3 |
_a موسى ، طالب حسن , _eauthor _931322 |
|
| 245 | 0 | 0 | _aالأوراق التجارية والعمليات المصرفية |
| 250 | _aط1 | ||
| 264 | 3 | 1 | _aعمان : دار الثقافة ، 2011 |
| 300 | _a304ص | ||
| 336 |
_atext _btxt _2rdacontent |
||
| 337 |
_aunmediated _bn _2rdamedia |
||
| 338 |
_avolume _bnc _2rdacarrier |
||
| 650 | 4 |
_aالأوراق التجارية -- البنوك -- التشريعات التجارية _931323 |
|
| 999 |
_aA12517 _c16085 _d16085 |
||